000 01320nam a2200253Ia 4500
003 Ost
005 20260507075654.0
008 260507s9999||||xx |||||||||||||| ||und||
020 _a2306119957
040 _cfsecg
041 _aara
082 _a657.8
100 _aمطر، محمد
_eمؤلف
245 0 _aالنظم المحاسبية المتخصصة وتطبيقاتها العملية في شركات المقاولات :
_bالمنشآت ذات الفروع /
_c محمد مطر
260 _aعمان:
_bدار وائل للنشر والتوزيع,
_c2003
300 _a323 صفحة؛
_bإيضاحات ؛
_c24 سم
504 _aالمراجع ص.317
520 _aالنظم المحاسبية في شركات المقاولات- النظم المحاسبية في المنشآت ذات الاقسام- النظم المحاسبية في المنشآت ذات الفروع المحاسبة عن البيع بالتقسيط - المحاسبة عن بضاعة الامانة- النظم المحاسبية في الفنادق- النظم المحاسبية في المستشفيات.
653 _aالشركات- المحاسبة
653 _aالمحاسبة الخاصة
653 _aالنظم المحاسبية
700 _aزويلف، انعام
_eمؤلف ثانوي
942 _cكتاب
999 _c45657
_d45657